000 00469nam a2200181Ia 4500
008 191130s2009##################000#0#eng##
020 _a9781408701829
040 _aACL
_cACL
082 _a305.3102 COL
100 _aColes, Frank
245 _aHow to drive a tank
_cFrank Coles
260 _aBoston, MA
_bLittle Brown
_c2009
300 _a432 p. ; 22 cm
650 _aCulture
990 _aabd61f32ac10000c72e865a28b450eb5
991 _a344554
999 _c207846
_d207846